Vista normal
Vista MARC
Entrada Nombre personal
Número de registros utilizados en: 0
001 - NÚMERO DE CONTROL
- campo de control: 860956
003 - IDENTIFICADOR DEL NÚMERO DE CONTROL
- campo de control: CO-MdUADB
005 - FECHA Y HORA DE LA ÚLTIMA TRANSACCIÓN
- campo de control: 20240919134740.0
008 - DATOS DE LONGITUD FIJA
- campo de control de longitud fija: 231021nn azznnaabn a aaa d
024 7# - IDENTIFICADOR DE OTROS ESTÁNDARES
- URI de un objeto del mundo real: http://viaf.org/viaf/59078148
- Fuente: viaf
040 ## - FUENTE DE LA CATALOGACIÓN
- Centro catalogador/agencia de origen: CO-MdUADB
- Lengua de catalogación: spa
- Centro/agencia transcriptor: CO-MdUADB
- Normas de descripción: rda
- Convención/Normas de encabezamiento de materia/tesauro: viaf
100 1# - ENCABEZAMIENTO-NOMBRE DE PERSONA
- Nombre de persona: Arlt, Roberto
- Fechas asociadas al nombre: 1900-1942

